书目信息 |
| 题名: |
儿童文学史
|
|
| 作者: | 勒若 著 ;启蒙编译所 译 | |
| 分册: | ||
| 出版信息: | 上海 华东师范大学出版社 2020.04 |
|
| 页数: | 19, 485页 | |
| 开本: | 21cm | |
| 丛书名: | ||
| 单 册: | ||
| 中图分类: | I106.8 | |
| 科图分类: | ||
| 主题词: | 儿童文学--文学史--世界 | |
| 电子资源: | ||
| ISBN: | 978-7-5675-9747-1 | |
| 000 | 01146nam0 2200253 450 | |
| 001 | 0102100408 | |
| 005 | 20210402100818.0 | |
| 010 | @a978-7-5675-9747-1@b精装@dCNY88.00 | |
| 100 | @a20200622d2020 em y0chiy50 ea | |
| 101 | 1 | @achi@ceng |
| 102 | @aCN@b310000 | |
| 105 | @aa z 001yy | |
| 106 | @ar | |
| 200 | 1 | @a儿童文学史@Aer tong wen xue shi@e从《伊索寓言》到《哈利·波特》@dChildren's literature@ea reader's history, from Aesop and Harry Potter@f(美)塞思·勒若(Seth Lerer)著@g启蒙编译所译@zeng |
| 210 | @a上海@c华东师范大学出版社@d2020.04 | |
| 215 | @a19, 485页@c图@d21cm | |
| 330 | @a本书梳理了两千多年的儿童阅读和教育传统,呈现了从古典到当代的西方对儿童、儿童读物以及阅读本身的思考。作者以文学、历史、哲学与社会政治的交叉视角,对众多儿童文学大师的经典作品作出分析,展现了儿童文学丰富多样的面貌。 | |
| 510 | 1 | @aChildren's literature@ea reader's history, from Aesop and Harry Potter@zeng |
| 606 | 0 | @a儿童文学@x文学史@y世界 |
| 690 | @aI106.8@v5 | |
| 701 | 0 | @c(美)@a勒若@Alei ruo@c(Lerer, Seth@f1955-)@4著 |
| 712 | 02 | @a启蒙编译所@Aqi meng bian yi suo@4译 |
| 801 | 0 | @aCN@bBJSZM@c20210402 |
| 905 | @b1273915-9@dI106.8@e303@f5 | |
| 儿童文学史:从《伊索寓言》到《哈利·波特》=Children's literature:a reader's history, from Aesop and Harry Potter/(美)塞思·勒若(Seth Lerer)著/启蒙编译所译.-上海:华东师范大学出版社,2020.04 |
| 19, 485页:图;21cm |
| ISBN 978-7-5675-9747-1(精装):CNY88.00 |
| 本书梳理了两千多年的儿童阅读和教育传统,呈现了从古典到当代的西方对儿童、儿童读物以及阅读本身的思考。作者以文学、历史、哲学与社会政治的交叉视角,对众多儿童文学大师的经典作品作出分析,展现了儿童文学丰富多样的面貌。 |
| ● |
| 相关链接 |
|
|
|
|
正题名:儿童文学史
索取号:I106.8/303
 
预约/预借
| 序号 | 登录号 | 条形码 | 馆藏地/架位号 | 状态 | 备注 |
| 1 | 1273915 | 212739152 | 第一样本阅览室/ [索取号:I106.8/303] | 在馆 | |
| 2 | 1273916 | 212739161 | 教育系资料室/ [索取号:I106.8/303] | 在馆 | |
| 3 | 1273917 | 212739170 | 教育系资料室/ [索取号:I106.8/303] | 在馆 | |
| 4 | 1273918 | 212739189 | 第二借阅区/ [索取号:I106.8/303] | 在馆 | |
| 5 | 1273919 | 212739198 | 第二借阅区/ [索取号:I106.8/303] | 在馆 |